Statistics for Sports Stars by Picture and Letter - 'C'

Click here to take the quiz!

General Stats

  • This quiz has been taken 60 times
  • The average score is 6 of 20

Answer Stats

Answer% Correct
Johan Cruyff
75%
Stephen Curry
73%
Jimmy Connors
64%
Nadia Comăneci
58%
Margaret Court
49%
Fabio Cannavaro
47%
Wilt Chamberlain
47%
Sebastian Coe
44%
Mark Cavendish
36%
Fabian Cancellara
22%
David Campese
18%
Dan Carter
15%
Veronica Campbell Brown
15%
Ryan Crouser
13%
Joshua Cheptegei
9%
Terence Crawford
9%
Věra Čáslavská
7%
Choi Min-jeong
5%
Tom Curren
5%
Tom Carroll
2%

Score Distribution

Percentile by Number Answered

Percent of People with Each Score

Your Score History

You have not taken this quiz